Criminal justice

Wedi'i Gadw mewn:
Manylion Llyfryddiaeth
Prif Awdur: Inciardi, James A.
Fformat: Llyfr
Iaith:Undetermined
Cyhoeddwyd: Boston, MA. McGraw-Hill 2005
Pynciau:
Tagiau: Ychwanegu Tag
Dim Tagiau, Byddwch y cyntaf i dagio'r cofnod hwn!
Thư viện lưu trữ: Trung tâm Học liệu Trường Đại học Cần Thơ
LEADER 00554nam a2200205Ia 4500
001 CTU_130865
008 210402s9999 xx 000 0 und d
020 |c 195 
082 |a 364.973 
082 |b I.36 
100 |a Inciardi, James A. 
245 0 |a Criminal justice 
245 0 |c James A. Inciardi 
260 |a Boston, MA. 
260 |b McGraw-Hill 
260 |c 2005 
650 |a Criminal justice, Administration of,Crime 
650 |z United States.,United States. 
904 |i Minh 
980 |a Trung tâm Học liệu Trường Đại học Cần Thơ